000 00495nam a2200169 a 4500
005 20260421121403.0
008 260217s2026##################000#0#eng##
020 _a9781591843016
_qhbk
082 0 4 _a330.122 DRE
100 _aBremmer, Ian
245 1 0 _aThe End of the Free Market: Who Wins the War Between States and Corporations?
_c/Ian Bremmer
250 _a1st ed.
260 _aNew York:
_b Portfolio,
_c2010.
300 _a230p.
_c;23cm.
650 _aEconomic theory
942 _cENGLISH
999 _c612864
_d612864